Educación para la salud

Este libro hace énfasis en que la escuela debe incluir en sus programas la preparación de los niños para los riesgos y problemas de salud del mundo de hoy y de mañana completando así la misión de los padres de familia.

সংরক্ষণ করুন:
গ্রন্থ-পঞ্জীর বিবরন
সংস্থা লেখক: Fundación Pro Juventute (Salzburgo)
বিন্যাস: গ্রন্থ
ভাষা:Spanish
প্রকাশিত: Buenos Aires: Editorial Kapelusz, 1980
সংস্করন:2 ed.
মালা:Biblioteca de cultura pedagógica; No. 153
বিষয়গুলি:
অনলাইন ব্যবহার করুন:Enlace del recurso
ট্যাগগুলো: ট্যাগ যুক্ত করুন
কোনো ট্যাগ নেই, প্রথমজন হিসাবে ট্যাগ করুন!

MARC

LEADER 00000nam a2200000 a 4500
001 000736
008 030402s1980 ag a fr# #000|0#spa#d
041 0 |a spa 
043 |a s-ag--- 
082 0 4 |a 371.71  |b F852e 
110 2 |a Fundación Pro Juventute (Salzburgo) 
245 1 0 |a Educación para la salud   |c Fundación Pro Juventut 
250 |a 2 ed. 
260 |a Buenos Aires:  |b Editorial Kapelusz,  |c 1980 
300 |a 272 p.:  |b il., gráf. 
440 0 |a Biblioteca de cultura pedagógica;  |v No. 153 
520 3 |a Este libro hace énfasis en que la escuela debe incluir en sus programas la preparación de los niños para los riesgos y problemas de salud del mundo de hoy y de mañana completando así la misión de los padres de familia. 
534 |p Título original:  |t Erziehung zur gesundheit 
650 1 4 |a EDUCACIÓN PARA LA SALUD 
650 1 4 |a SALUD ESCOLAR 
999 |c 2888  |d 2888 
856 |u https://catalogo.idep.edu.co/cgi-bin/koha/opac-detail.pl?biblionumber=2888  |z Enlace del recurso